000 00335nam a22001457a 4500
008 230921b ||||| |||| 00| 0 eng d
020 _a0122266900
041 _aeng
080 _a521
082 _a521MEY
100 _a19
101 _aASTRO
245 _aENCYCLOPEDIA OF ASTRONOMY AND ASTROPHYSICS
_cMEYERS .A.R
942 _2udc
_cBK
999 _c60387
_d60387